| 000 | 01486nam a22002897a 4500 | ||
|---|---|---|---|
| 001 | 7605 | ||
| 003 | FISKH | ||
| 005 | 20250728081722.0 | ||
| 008 | 250728b cb ||||| |||| 00| 0 eng d | ||
| 020 | _a033500711008 | ||
| 040 |
_aFISKH _beng _cFISKH _dFISKH |
||
| 050 | _aPZ8.D632 W | ||
| 082 | _a 813.54 | ||
| 100 | _aCoco, Eugene Bradley | ||
| 245 |
_aWalt Disney's Pinocchio / _cAdapted by Eugene Bradley Coco ; Illustrated by Ron Dias |
||
| 260 |
_aNew York : _bWestern Publishing Company, _c1996. |
||
| 300 |
_a24 unnumbered pages : _bcolor illustrations ; _c21 cm |
||
| 490 | _aA Golden Books | ||
| 505 | _aJ | ||
| 520 | _aWoodcarver Geppetto has pets Figaro the cat and Cleo the fish. He has just made a little wooden puppet called Pinocchio. Wishing upon a star before he goes to bed, Geppetto wishes that Pinocchio would become a real boy. As Geppetto sleeps, the Blue Fairy arrives and partially grants his wish. Pinocchio can come to life, but he must prove himself worthy before becoming a real boy. He will require some guidance, and Jiminy Cricket agrees to act as his conscience. After some unfortunate incidents, Pinocchio finds himself in trouble. The Blue Fairy appears. Pinocchio lies to her and his nose grows. He is forgiven, but warned not to lie again. | ||
| 521 | 8 |
_a500
_bLexile estimate |
|
| 521 | 8 |
_aJ
_bRaz-Plus |
|
| 650 |
_aAnimated _vDisney _xchildren's |
||
| 700 |
_aDias, Ron _eillustrator |
||
| 942 |
_2ddc _cBK _n0 |
||
| 999 |
_c7605 _d7605 |
||